000 00617nam a2200145Ia 4500
008 100204s9999 xx 000 0 und d
082 _b1609
100 _aग्रामोपाध्ये गं. ब. (संपा )
245 _aआख्यानक कविता ( आरंभकाल ते 1818)
260 _bमुंबई विश्वविद्यालय
_c1973
300 _a168
630 _aआख्यानक कविता ( आरंभकाल ते 1818)
730 _aआख्यानक कविता ( आरंभकाल ते 1818)
942 _cBOOK
999 _c446765
_d446762